[Event "Aut_chT_0910"]
[Site "Baden"]
[Date "2010.03.29"]
[Round "10"]
[Board "2"]
[White "Mikhalevski, Victor"]
[Black "Nanu, Ciprian Costica"]
[Result "1-0"]
[WhiteElo "2611"]
[BlackElo "2506"]
[PlyCount "157"]
[EventDate "2009.11.06"]
[EventType "team"]
[EventRounds "11"]
[EventCountry "AUT"]
[WhiteTeam "SK Sparkasse Fuerstenfeld"]
[BlackTeam "Styria Graz"]

1.d4 d5 2.c4 c6 3.Nf3 Nf6 4.e3 Bf5 5.Nc3 e6 6.Nh4 Be4 7.f3 Bg6 8.Qb3 Qb6 9.Nxg6
hxg6 10.Bd2 Nbd7 11.g3 Be7 12.O-O-O Qxb3 13.axb3 O-O-O 14.Kc2 g5 15.h3 g4
16.fxg4 Nxg4 17.Ra1 a6 18.Be2 Ngf6 19.Raf1 Rdf8 20.h4 Ne8 21.e4 dxe4 22.Nxe4 Nd6
23.Nxd6+ Bxd6 24.g4 Be7 25.g5 g6 26.Bg4 Rh7 27.Bc3 Kc7 28.c5 Kd8 29.b4 Kc7
30.Rh3 Re8 31.Bd2 Bd8 32.Be2 Kc8 33.Bd3 Re7 34.Be1 Re8 35.Rhf3 Re7 36.Bc4 Bc7
37.Bc3 Nf8 38.Bd3 Nd7 39.Bc4 Nf8 40.Bd3 Nd7 41.Be1 Bd8 42.Kb1 Bc7 43.Bc2 Bd8
44.Bb3 Nf8 45.Ka2 Bc7 46.Bc2 Nd7 47.Bd3 Bh2 48.Bb1 Bc7 49.Bc2 Bh2 50.h5 Rxh5
51.Rxf7 Rxf7 52.Rxf7 Rxg5 53.Bb3 Rf5 54.Rh7 Rh5 55.Rg7 Nf6 56.Bxe6+ Kb8 57.Rxg6
Nd5 58.b5 axb5 59.Rg8+ Ka7 60.Bxd5 Rxd5 61.Ba5 b6 62.Bxb6+ Kb7 63.Rg7+ Kc8
64.Rg4 Rd7 65.Kb3 Kb7 66.Kc3 Bb8 67.b3 Bh2 68.Rg8 Bf4 69.Re8 Bg3 70.Bd8 Bf4
71.Bf6 Bc7 72.Be5 Ba5+ 73.b4 Bd8 74.Kd3 Bc7 75.Ke4 Rh7 76.Kf5 Bxe5 77.dxe5 Kc7
78.e6 Rh4 79.Rg8

[Event "Aut_chT_0910"]
[Site "Baden"]
[Date "2010.03.29"]
[Round "10"]
[Board "2"]
[White "Pavasovic, Dusko"]
[Black "Gyimesi, Zoltan"]
[Result "1/2-1/2"]
[WhiteElo "2574"]
[BlackElo "2586"]
[PlyCount "32"]
[EventDate "2009.11.06"]
[EventType "team"]
[EventRounds "11"]
[EventCountry "AUT"]
[WhiteTeam "SK Kl.Ztg.MPOE Maria Saal"]
[BlackTeam "Sparkasse Jenbach"]

1.e4 e5 2.Nf3 Nc6 3.d4 exd4 4.Nxd4 Bc5 5.Be3 Qf6 6.c3 Nge7 7.Bc4 Ne5 8.Be2 Qg6
9.O-O d6 10.Kh1 Qxe4 11.Nd2 Qg6 12.Bh5 Bg4 13.Qa4+ Bd7 14.Qd1 Bg4 15.Qa4+ Bd7
16.Qd1 Bg4

[Event "Aut_chT_0910"]
[Site "Baden"]
[Date "2010.03.29"]
[Round "10"]
[Board "3"]
[White "Schlosser, Philipp"]
[Black "Buhmann, Rainer"]
[Result "1/2-1/2"]
[WhiteElo "2557"]
[BlackElo "2591"]
[PlyCount "59"]
[EventDate "2009.11.06"]
[EventType "team"]
[EventRounds "11"]
[EventCountry "AUT"]
[WhiteTeam "Sparkasse Jenbach"]
[BlackTeam "SK Kl.Ztg.MPOE Maria Saal"]

1.d4 d5 2.c4 c6 3.Nf3 Nf6 4.e3 a6 5.Bd2 e6 6.Qc2 Nbd7 7.Nc3 dxc4 8.a4 c5 9.Bxc4
cxd4 10.exd4 Be7 11.O-O O-O 12.Rac1 Nb6 13.Bd3 Nbd5 14.Nxd5 Qxd5 15.Bg5 h6
16.Bxf6 Bxf6 17.Bh7+ Kh8 18.Be4 Qa5 19.Ne5 Bxe5 20.dxe5 Bd7 21.Qc7 Qxc7 22.Rxc7
Bxa4 23.Bxb7 Ra7 24.Rfc1 g6 25.f4 Kg7 26.Bc8 Rxc7 27.Rxc7 Bb3 28.Bxa6 Rd8 29.Rc3
Rd1+ 30.Bf1

[Event "Aut_chT_0910"]
[Site "Baden"]
[Date "2010.03.29"]
[Round "10"]
[Board "4"]
[White "Kreisl, Robert"]
[Black "Acs, Peter"]
[Result "0-1"]
[WhiteElo "2389"]
[BlackElo "2538"]
[PlyCount "74"]
[EventDate "2009.11.06"]
[EventType "team"]
[EventRounds "11"]
[EventCountry "AUT"]
[WhiteTeam "SK Kl.Ztg.MPOE Maria Saal"]
[BlackTeam "Sparkasse Jenbach"]

1.e4 e5 2.Nf3 Nc6 3.Bb5 a6 4.Bxc6 dxc6 5.O-O f6 6.d4 exd4 7.Nxd4 c5 8.Nb3 Qxd1
9.Rxd1 Bg4 10.f3 Be6 11.Be3 b6 12.Nc3 Bd6 13.a4 a5 14.Nb5 O-O-O 15.Nxd6+ cxd6
16.Bf4 Ne7 17.Rxd6 Rxd6 18.Bxd6 Nc6 19.Nc1 Rd8 20.Bf4 g5 21.Be3 Nb4 22.Kf2 Nxc2
23.Rb1 Rd1 24.Ke2 Nxe3 25.Kxe3 Bc4 26.Ra1 Kd7 27.g3 Ke6 28.f4 g4 29.Rb1 h5
30.Ra1 Ba6 31.Rb1 Rh1 32.Ra1 Rxh2 33.Nd3 Rg2 34.f5+ Kd6 35.Nf4 Rxg3+ 36.Kd2 h4
37.Nd5 Rd3+

[Event "Aut_chT_0910"]
[Site "Baden"]
[Date "2010.03.29"]
[Round "10"]
[Board "2"]
[White "Maiwald, Jens-Uwe"]
[Black "Naumann, Alexander"]
[Result "1/2-1/2"]
[WhiteElo "2474"]
[BlackElo "2525"]
[PlyCount "47"]
[EventDate "2009.11.06"]
[EventType "team"]
[EventRounds "11"]
[EventCountry "AUT"]
[WhiteTeam "Mayrhofen/Zillertal"]
[BlackTeam "SK Hohenems"]

1.e4 e5 2.Bc4 Nf6 3.d3 c6 4.Nf3 d5 5.Bb3 Bd6 6.Nc3 dxe4 7.Ng5 O-O 8.Ncxe4 Nxe4
9.Nxe4 Bf5 10.Qf3 Bxe4 11.dxe4 Na6 12.c3 Nc5 13.Bc2 a5 14.O-O Qe7 15.Be3 Rfd8
16.Rad1 b5 17.g3 a4 18.Qg4 Qe6 19.Qxe6 Nxe6 20.Bb6 Bc7 21.Be3 Bd6 22.Bb6 Bc7
23.Be3 Bd6 24.Bb6

[Event "Aut_chT_0910"]
[Site "Baden"]
[Date "2010.03.29"]
[Round "10"]
[Board "3"]
[White "Bezold, Michael"]
[Black "Platzgummer, Fabian"]
[Result "1-0"]
[WhiteElo "2517"]
[BlackElo "2401"]
[PlyCount "73"]
[EventDate "2009.11.06"]
[EventType "team"]
[EventRounds "11"]
[EventCountry "AUT"]
[WhiteTeam "SK Hohenems"]
[BlackTeam "Mayrhofen/Zillertal"]

1.c4 e5 2.Nc3 Nc6 3.g3 g6 4.Bg2 Bg7 5.e4 d6 6.d3 f5 7.Nge2 Nf6 8.h3 O-O 9.Be3
Be6 10.Nd5 Qd7 11.Qd2 Nd8 12.Rc1 c6 13.Nxf6+ Bxf6 14.exf5 Bxf5 15.d4 Qe7 16.dxe5
Bxe5 17.O-O Nf7 18.Rfe1 Qc7 19.f4 Bf6 20.g4 Bd7 21.Ng3 Rae8 22.Ne4 Be7 23.Bd4
Nd8 24.g5 Bf5 25.Nf6+ Bxf6 26.Bxf6 h5 27.Rcd1 Nf7 28.b3 Qd7 29.Bb2 Rxe1+ 30.Qxe1
Kh7 31.Qc3 Rg8 32.Kh2 a6 33.Qf6 Qe6 34.Re1 Qxf6 35.Bxf6 Rb8 36.Re7 Kg8 37.h4

[Event "Aut_chT_0910"]
[Site "Baden"]
[Date "2010.03.29"]
[Round "10"]
[Board "4"]
[White "Gross, David"]
[Black "Atlas, Valery"]
[Result "0-1"]
[WhiteElo "2465"]
[BlackElo "2423"]
[PlyCount "48"]
[EventDate "2009.11.06"]
[EventType "team"]
[EventRounds "11"]
[EventCountry "AUT"]
[WhiteTeam "Mayrhofen/Zillertal"]
[BlackTeam "SK Hohenems"]

1.e4 c5 2.Nf3 e6 3.d4 cxd4 4.Nxd4 Nf6 5.Nc3 d6 6.Be2 Be7 7.O-O O-O 8.f4 Nc6
9.Be3 e5 10.Nb3 exf4 11.Rxf4 Nd7 12.Rf1 Nde5 13.Kh1 h6 14.Nd4 Nxd4 15.Qxd4 Bg4
16.Bxg4 Nxg4 17.Nd5 Bg5 18.Bg1 Re8 19.Rad1 Re6 20.Qb4 Qd7 21.Rd3 Rae8 22.Bxa7
Rxe4 23.Rd4 Qf5 24.Qb5 Qe5

[Event "Aut_chT_0910"]
[Site "Baden"]
[Date "2010.03.29"]
[Round "10"]
[Board "5"]
[White "Baldauf, Marco"]
[Black "Hausner, Ivan"]
[Result "1/2-1/2"]
[WhiteElo "2373"]
[BlackElo "2460"]
[PlyCount "159"]
[EventDate "2009.11.06"]
[EventType "team"]
[EventRounds "11"]
[EventCountry "AUT"]
[WhiteTeam "SK Hohenems"]
[BlackTeam "Mayrhofen/Zillertal"]

1.e4 Nf6 2.e5 Nd5 3.d4 d6 4.c4 Nb6 5.exd6 cxd6 6.Nc3 g6 7.Be3 Bg7 8.Rc1 Nc6 9.d5
Ne5 10.Be2 O-O 11.b3 Ned7 12.Nf3 Nf6 13.Nd4 Nbd7 14.O-O Nc5 15.Bf3 Ncd7 16.h3 a6
17.Qd2 Re8 18.Rfe1 Nc5 19.b4 Ncd7 20.Nb3 Nb6 21.Na5 Rb8 22.c5 Nbd7 23.c6 Ne5
24.Be2 bxc6 25.f4 cxd5 26.Nxd5 Nxd5 27.Qxd5 Rxb4 28.fxe5 Be6 29.Qc6 Bxe5 30.a3
Rb8 31.Nb7 Qc8 32.Bxa6 Qxc6 33.Rxc6 Ra8 34.a4 Bd5 35.Rb6 Rec8 36.a5 Rc3 37.Kh1
Bg3 38.Re2 Ra3 39.Bd4 Bxb7 40.Bxb7 R8xa5 41.Be4 e5 42.Bb2 R3a4 43.Rb3 Bf4 44.g3
Bg5 45.Rd3 Be7 46.Bc6 Rc4 47.Bd5 Rcc5 48.Red2 Kg7 49.Bg2 Rc7 50.Ba3 Ra6 51.Bxd6
Bxd6 52.Rxd6 Rxd6 53.Rxd6 Kf8 54.g4 Ke7 55.Rb6 h6 56.Kg1 Rd7 57.Kf2 Rd6 58.Rb8
Kf6 59.Ke3 Kg5 60.Re8 Kf6 61.Bf1 Rd1 62.Bg2 Ra1 63.Be4 Ra3+ 64.Bd3 Kg5 65.Rxe5+
Kh4 66.Rd5 Kxh3 67.Kf4 Kh4 68.Be4 Ra1 69.Rd3 Rf1+ 70.Bf3 f6 71.Rd6 h5 72.gxh5
g5+ 73.Ke3 g4 74.Be2 Rh1 75.Rxf6 Kg5 76.Rg6+ Kxh5 77.Rxg4 Kh6 78.Kf4 Rh5 79.Bd3
Rg5 80.Rxg5

[Event "Aut_chT_0910"]
[Site "Baden"]
[Date "2010.03.29"]
[Round "10"]
[Board "6"]
[White "Tabernig, Bernhard"]
[Black "Atlas, Dimitry"]
[Result "1-0"]
[WhiteElo "2293"]
[BlackElo "2328"]
[PlyCount "87"]
[EventDate "2009.11.06"]
[EventType "team"]
[EventRounds "11"]
[EventCountry "AUT"]
[WhiteTeam "Mayrhofen/Zillertal"]
[BlackTeam "SK Hohenems"]

1.d4 d5 2.c4 e6 3.Nc3 Nf6 4.cxd5 exd5 5.Bg5 Be7 6.e3 O-O 7.Qc2 Re8 8.Bd3 Nbd7
9.Nge2 b6 10.Nb5 Ba6 11.Bf4 Bb4+ 12.Kf1 Bxb5 13.Bxb5 a6 14.Bc6 Ra7 15.Qb3 a5
16.Bxd5 Nxd5 17.Qxd5 Re6 18.Rc1 Bd6 19.Qb5 Nf6 20.Bxd6 Rxd6 21.f3 c6 22.Rxc6
Rxc6 23.Qxc6 Rc7 24.Qa4 Nd5 25.Qb3 a4 26.Qxa4 Nxe3+ 27.Kf2 Nd5 28.Re1 Re7 29.Ng3
Rxe1 30.Kxe1 Nf4 31.Kf1 Qc8 32.Ne2 Nd5 33.Kf2 h5 34.g3 Kh7 35.Qb3 Qc6 36.Qd3+ g6
37.a3 f5 38.Nc3 f4 39.Qb5 Qxb5 40.Nxb5 g5 41.Nc3 Ne3 42.gxf4 gxf4 43.a4 Nc2
44.Nd5

[Event "Aut_chT_0910"]
[Site "Baden"]
[Date "2010.03.29"]
[Round "10"]
[Board "2"]
[White "Balogh, Csaba"]
[Black "Mihok, Oliver"]
[Result "1-0"]
[WhiteElo "2619"]
[BlackElo "2403"]
[PlyCount "87"]
[EventDate "2009.11.06"]
[EventType "team"]
[EventRounds "11"]
[EventCountry "AUT"]
[WhiteTeam "SK Advisory Invest Baden"]
[BlackTeam "Husek Wien"]

1.e4 c5 2.Nf3 Nc6 3.d4 cxd4 4.Nxd4 Qb6 5.Nb3 Nf6 6.Nc3 e6 7.Qe2 Bb4 8.Bd2 O-O
9.e5 Bxc3 10.bxc3 Nd5 11.g3 Qc7 12.c4 Nde7 13.Bc3 b6 14.Bg2 Ba6 15.Be4 Rac8
16.O-O-O Ng6 17.f4 Nce7 18.Bb4 Qxc4 19.Qxc4 Rxc4 20.Bxe7 Nxe7 21.Rxd7 Rxe4
22.Rxe7 Re2 23.Rxa7 Bc4 24.Nd4 Rf2 25.h4 Rg2 26.Ra3 Bd5 27.Rd1 Rc8 28.Rd2 Rg1+
29.Kb2 h5 30.Re3 Rc4 31.a3 Ra4 32.Ne2 Re1 33.Red3 Bc4 34.Rd4 b5 35.Nc3 Ra5
36.Rd8+ Kh7 37.R2d7 Re3 38.Rxf7 Rxg3 39.Ne4 Rgxa3 40.f5 Ra2+ 41.Kc3 R2a3+ 42.Kd4
Ra8 43.Rdd7 Kh6 44.Rxg7

[Event "Aut_chT_0910"]
[Site "Baden"]
[Date "2010.03.29"]
[Round "10"]
[Board "3"]
[White "Juhasz, Kristof"]
[Black "Shengelia, Davit"]
[Result "0-1"]
[WhiteElo "2252"]
[BlackElo "2566"]
[PlyCount "86"]
[EventDate "2009.11.06"]
[EventType "team"]
[EventRounds "11"]
[EventCountry "AUT"]
[WhiteTeam "Husek Wien"]
[BlackTeam "SK Advisory Invest Baden"]

1.d4 e6 2.g3 c5 3.Nf3 b5 4.Bg2 Bb7 5.O-O Nf6 6.c3 Na6 7.Qd3 Qb6 8.Nbd2 cxd4
9.Nxd4 Bxg2 10.Kxg2 b4 11.N2f3 Be7 12.cxb4 Nxb4 13.Qb3 O-O 14.a3 Nbd5 15.Qxb6
Nxb6 16.b3 Ne4 17.Bb2 Rfc8 18.Rfc1 Nc5 19.Rc2 f6 20.Rac1 e5 21.Nf5 Bf8 22.b4
Nca4 23.Rxc8 Rxc8 24.Rxc8 Nxc8 25.Bc1 d5 26.Nd2 Ncb6 27.Nb3 Kf7 28.Na5 d4 29.Nc6
Ke6 30.g4 Nc3 31.e3 d3 32.Kf1 Nc4 33.Ke1 Nb1 34.Nxa7 d2+ 35.Bxd2 Nbxd2 36.Ke2 g6
37.Ng3 Nb1 38.a4 Bxb4 39.Kd3 Nba3 40.Nb5 Nb2+ 41.Ke4 Nxa4 42.Nc7+ Kd6 43.Nd5
Nc5+

[Event "Aut_chT_0910"]
[Site "Baden"]
[Date "2010.03.29"]
[Round "10"]
[Board "5"]
[White "Haas, Bernhard"]
[Black "Baumegger, Siegfried"]
[Result "1-0"]
[WhiteElo "1995"]
[BlackElo "2442"]
[PlyCount "85"]
[EventDate "2009.11.06"]
[EventType "team"]
[EventRounds "11"]
[EventCountry "AUT"]
[WhiteTeam "Husek Wien"]
[BlackTeam "SK Advisory Invest Baden"]

1.e4 e6 2.d4 d5 3.exd5 exd5 4.Bd3 c5 5.Qe2+ Be7 6.dxc5 Nf6 7.Nf3 O-O 8.O-O Bxc5
9.Bg5 Nc6 10.Nc3 Be6 11.a3 Re8 12.Rfe1 h6 13.Bh4 g5 14.Bg3 Bg4 15.Qd2 Bxf3
16.gxf3 Nd4 17.Rxe8+ Qxe8 18.Kg2 Qd7 19.Re1 Re8 20.Rxe8+ Qxe8 21.h4 Qd8 22.hxg5
Nh5 23.g6 Qf6 24.Qxh6 Qxf3+ 25.Kh2 fxg6 26.Qxg6+ Ng7 27.Qg5 Nde6 28.Qxd5 Qf7
29.Ne4 Bb6 30.Nd6 Qf6 31.Qe5 Qh6+ 32.Kg2 Bd4 33.Qe4 Ng5 34.Bc4+ Kf8 35.Qf4+ Bf6
36.Qg4 Bd8 37.Qd7 Qf6 38.Qxb7 Nh5 39.Qd5 Nxg3 40.fxg3 Bc7 41.Nf5 Qg6 42.Qc5+ Ke8
43.Bb5+

[Event "Aut_chT_0910"]
[Site "Baden"]
[Date "2010.03.30"]
[Round "11"]
[Board "2"]
[White "Kuzubov, Yuriy"]
[Black "Socko, Bartosz"]
[Result "1/2-1/2"]
[WhiteElo "2634"]
[BlackElo "2643"]
[PlyCount "159"]
[EventDate "2009.11.06"]
[EventType "team"]
[EventRounds "11"]
[EventCountry "AUT"]
[WhiteTeam "Holz Dohr"]
[BlackTeam "SK Advisory Invest Baden"]

1.e4 e6 2.d3 c5 3.Nf3 Nc6 4.g3 d5 5.Nbd2 Bd6 6.Bg2 Nf6 7.O-O O-O 8.Re1 Bc7 9.c3
e5 10.exd5 Nxd5 11.Nc4 Re8 12.Ng5 Be6 13.Nxe6 Rxe6 14.Qb3 Nb6 15.Be3 Qxd3
16.Nxb6 Bxb6 17.Rad1 Qf5 18.Rd5 Rf6 19.Qc4 Rc8 20.Qh4 h6 21.Red1 Rd8 22.Rxd8+
Nxd8 23.Be4 Qe6 24.Bd5 Qf5 25.Qe4 Qh5 26.Rd2 Ne6 27.Bxe6 Rxe6 28.Rd7 Qg6 29.Qxg6
Rxg6 30.c4 f5 31.Kf1 Rf6 32.Rxb7 Rf7 33.Rb8+ Rf8 34.Rb7 Rf7 35.Rb8+ Rf8 36.Rxf8+
Kxf8 37.f3 h5 38.Ke2 Ke7 39.Kd3 Kd6 40.Bg5 Ba5 41.a3 a6 42.Be3 Kc6 43.Bc1 Be1
44.b3 Kd6 45.Bg5 Ba5 46.Be3 Be1 47.Bc1 Ke6 48.Bb2 Ba5 49.Ke3 g6 50.Kd3 Kd6
51.Bc1 Kc6 52.Bh6 Bc7 53.Bg7 a5 54.Ke3 Kd7 55.Bf6 Ke6 56.Bg5 Kd7 57.Kf2 Bd8
58.Bd2 Ke6 59.h3 Kd6 60.Be3 Be7 61.Ke2 Ke6 62.Bf2 Kd6 63.Kd3 Kc6 64.Be1 Bd8
65.Bd2 Kd6 66.Bh6 Be7 67.Ke3 Ke6 68.Kf2 Kd6 69.Bd2 Bd8 70.g4 Ke6 71.gxh5 gxh5
72.Kg3 Kd6 73.Bh6 Be7 74.Bd2 Bd8 75.Kf2 Ke6 76.Ke2 Kd6 77.Be1 Ke6 78.Kd3 Kd6
79.Bc3 Ke6 80.Bd2

[Event "Aut_chT_0910"]
[Site "Baden"]
[Date "2010.03.30"]
[Round "11"]
[Board "5"]
[White "Stohl, Igor"]
[Black "Kunin, Vitaly"]
[Result "1/2-1/2"]
[WhiteElo "2531"]
[BlackElo "2563"]
[PlyCount "35"]
[EventDate "2009.11.06"]
[EventType "team"]
[EventRounds "11"]
[EventCountry "AUT"]
[WhiteTeam "SK Advisory Invest Baden"]
[BlackTeam "Holz Dohr"]

1.Nf3 d6 2.d4 Bg4 3.c4 Bxf3 4.exf3 c6 5.d5 Nf6 6.Nc3 Nbd7 7.Be3 g6 8.Be2 Bg7
9.O-O O-O 10.Qb3 Qc7 11.Rac1 a6 12.f4 Rfc8 13.Bf3 Rab8 14.Ba7 Ra8 15.Be3 Rab8
16.Ba7 Ra8 17.Be3 Rab8 18.Ba7

[Event "Aut_chT_0910"]
[Site "Baden"]
[Date "2010.03.30"]
[Round "11"]
[Board "6"]
[White "Kosten, Anthony C."]
[Black "Baumegger, Siegfried"]
[Result "0-1"]
[WhiteElo "2506"]
[BlackElo "2442"]
[PlyCount "93"]
[EventDate "2009.11.06"]
[EventType "team"]
[EventRounds "11"]
[EventCountry "AUT"]
[WhiteTeam "Holz Dohr"]
[BlackTeam "SK Advisory Invest Baden"]

1.c4 e5 2.g3 Nf6 3.Bg2 d5 4.cxd5 Nxd5 5.Nf3 Nc6 6.O-O Nb6 7.d3 Be7 8.Nbd2 O-O
9.a3 a5 10.b3 Be6 11.Bb2 f6 12.Qc2 Qd7 13.Rfd1 Rfd8 14.Nc4 Qe8 15.Nxb6 cxb6
16.d4 Rac8 17.dxe5 Nxe5 18.Qe4 Nxf3+ 19.Qxf3 Rxd1+ 20.Rxd1 Rd8 21.Rd3 Qb5 22.Qe4
Kf7 23.Qxh7 Rxd3 24.Qxd3 Qxb3 25.Qxb3 Bxb3 26.Bxb7 b5 27.e4 b4 28.axb4 Bxb4
29.f4 a4 30.Kf2 a3 31.Bc1 Ke6 32.Ke3 Kd6 33.Kd4 a2 34.Bb2 Bc5+ 35.Kc3 Be6 36.Ba6
Bg1 37.Bc4 Bxh2 38.e5+ fxe5 39.fxe5+ Kd7 40.Kd3 Bxg3 41.Ba3 Bxe5 42.Bc5 Bc7
43.Ke4 Ba5 44.Bd4 Be1 45.Kd3 Bg3 46.Bg1 Bf2 47.Bh2

[Event "Aut_chT_0910"]
[Site "Baden"]
[Date "2010.03.30"]
[Round "11"]
[Board "4"]
[White "Reinwald, Patrick"]
[Black "Hausner, Ivan"]
[Result "0-1"]
[WhiteElo "2096"]
[BlackElo "2460"]
[PlyCount "53"]
[EventDate "2009.11.06"]
[EventType "team"]
[EventRounds "11"]
[EventCountry "AUT"]
[WhiteTeam "Husek Wien"]
[BlackTeam "Mayrhofen/Zillertal"]

1.e4 c5 2.d4 cxd4 3.c3 dxc3 4.Nxc3 e6 5.Nf3 a6 6.Bc4 Ne7 7.Bg5 f6 8.Bf4 Ng6
9.Bg3 Be7 10.O-O O-O 11.Qe2 b5 12.Bb3 Kh8 13.Rad1 Qe8 14.h4 Nc6 15.h5 Nge5
16.Nh4 Bc5 17.Bxe5 fxe5 18.g3 Rf6 19.Rd3 Nd4 20.Qd1 Bb7 21.Kg2 b4 22.Na4 Bxe4+
23.f3 Bxd3 24.Qxd3 Nxb3 25.axb3 Be7 26.Nb6 Rd8 27.g4

[Event "Aut_chT_0910"]
[Site "Baden"]
[Date "2010.03.30"]
[Round "11"]
[Board "5"]
[White "Tabernig, Bernhard"]
[Black "Zojer, Stefan"]
[Result "1/2-1/2"]
[WhiteElo "2293"]
[BlackElo "2043"]
[PlyCount "89"]
[EventDate "2009.11.06"]
[EventType "team"]
[EventRounds "11"]
[EventCountry "AUT"]
[WhiteTeam "Mayrhofen/Zillertal"]
[BlackTeam "Husek Wien"]

1.d4 d5 2.c4 c6 3.Nf3 Nf6 4.e3 e6 5.Bd3 Bd6 6.Nbd2 Nbd7 7.O-O O-O 8.e4 e5 9.cxd5
cxd5 10.exd5 exd4 11.Ne4 Qc7 12.Nxd6 Qxd6 13.Nxd4 Qxd5 14.Nf5 Re8 15.Nd6 Re6
16.Bf4 Ne5 17.Be4 Qxd6 18.Qxd6 Rxd6 19.Bxe5 Re6 20.Bxf6 Rxe4 21.Bc3 Bd7 22.Rad1
Bb5 23.f3 Re2 24.Rd5 Bc6 25.Rg5 g6 26.h4 Rd8 27.h5 h6 28.Rg3 Kh7 29.hxg6+ fxg6
30.Rg4 h5 31.Rf4 Rg8 32.Rf7+ Kh6 33.Rd1 g5 34.Rd6+ Rg6 35.Rd8 g4 36.Rd2 Re8
37.fxg4 hxg4 38.g3 Re1+ 39.Kf2 Rge6 40.Rf6+ Rxf6+ 41.Bxf6 Re6 42.Bd4 a6 43.Rc2
Kg6 44.Rc5 Bf3 45.Be3

[Event "Aut_chT_0910"]
[Site "Baden"]
[Date "2010.03.30"]
[Round "11"]
[Board "1"]
[White "Ragger, Markus"]
[Black "Braun, Arik"]
[Result "1/2-1/2"]
[WhiteElo "2568"]
[BlackElo "2524"]
[PlyCount "82"]
[EventDate "2009.11.06"]
[EventType "team"]
[EventRounds "11"]
[EventCountry "AUT"]
[WhiteTeam "SK Kl.Ztg.MPOE Maria Saal"]
[BlackTeam "SK Hohenems"]

1.Nf3 Nf6 2.c4 e6 3.Nc3 d5 4.d4 c6 5.Bg5 h6 6.Bxf6 Qxf6 7.e3 Nd7 8.Bd3 dxc4
9.Bxc4 g6 10.O-O Bg7 11.Qc2 O-O 12.Ne4 Qe7 13.Bb3 Kh7 14.Rfe1 e5 15.Nc3 b6 16.h4
Bb7 17.h5 Rae8 18.Qe4 exd4 19.Qxe7 Rxe7 20.exd4 Rxe1+ 21.Rxe1 c5 22.Re7 Bxf3
23.gxf3 cxd4 24.Rxd7 dxc3 25.bxc3 Bxc3 26.Bxf7 gxh5 27.Bxh5+ Kh8 28.Rxa7 Bd4
29.Bf7 Bc5 30.Kg2 Kg7 31.Bb3+ Kf6 32.f4 Rd8 33.Kg3 Kg6 34.Bc2+ Kf6 35.Bb3 Kg6
36.f3 Rd2 37.Rf7 Bd6 38.Rb7 Kf5 39.Rf7+ Kg6 40.Kh3 Rf2 41.Kg3 Rd2

[Event "Aut_chT_0910"]
[Site "Baden"]
[Date "2010.03.30"]
[Round "11"]
[Board "2"]
[White "Atlas, Valery"]
[Black "Pavasovic, Dusko"]
[Result "1/2-1/2"]
[WhiteElo "2423"]
[BlackElo "2574"]
[PlyCount "68"]
[EventDate "2009.11.06"]
[EventType "team"]
[EventRounds "11"]
[EventCountry "AUT"]
[WhiteTeam "SK Hohenems"]
[BlackTeam "SK Kl.Ztg.MPOE Maria Saal"]

1.e4 e5 2.Nf3 Nc6 3.Bc4 Nf6 4.d3 Be7 5.O-O O-O 6.Re1 d6 7.a4 Na5 8.Ba2 c5 9.Nbd2
Be6 10.c3 Nc6 11.Nc4 h6 12.h3 Re8 13.Bd2 Bf8 14.Qb1 Qc7 15.Ne3 Rad8 16.Bxe6 fxe6
17.b4 cxb4 18.cxb4 Qf7 19.Bc3 a6 20.b5 axb5 21.axb5 Ne7 22.d4 exd4 23.Bxd4 Ng6
24.Ra7 Nh5 25.Bb6 Rd7 26.Nd4 Ne5 27.Ne2 g5 28.Qc2 Bg7 29.Ng4 Nf4 30.Nxf4 gxf4
31.Nxe5 Bxe5 32.f3 Kh8 33.Kh1 Rg8 34.Rc1 Qg7

[Event "Aut_chT_0910"]
[Site "Baden"]
[Date "2010.03.30"]
[Round "11"]
[Board "5"]
[White "Schachinger, Mario"]
[Black "Atlas, Dimitry"]
[Result "0-1"]
[WhiteElo "2350"]
[BlackElo "2328"]
[PlyCount "76"]
[EventDate "2009.11.06"]
[EventType "team"]
[EventRounds "11"]
[EventCountry "AUT"]
[WhiteTeam "SK Kl.Ztg.MPOE Maria Saal"]
[BlackTeam "SK Hohenems"]

1.Nf3 d5 2.d4 Nf6 3.c4 c6 4.e3 e6 5.b3 Bd6 6.Bd3 Nbd7 7.Bb2 b6 8.Nbd2 Bb7 9.O-O
Qb8 10.Qe2 O-O 11.e4 dxe4 12.Nxe4 Be7 13.Rad1 Qc7 14.Ne5 Rad8 15.Nxd7 Nxd7
16.Qh5 h6 17.Rfe1 Nf6 18.Qe2 Ne8 19.Bb1 c5 20.dxc5 Rxd1 21.Rxd1 bxc5 22.f3 Bc8
23.Nc3 f5 24.Nb5 Qb6 25.Be5 a6 26.Nc3 Qc6 27.Qe3 Nf6 28.Ne2 g5 29.h4 Bb7 30.hxg5
Ng4 31.Qc3 hxg5 32.Ng3 Nxe5 33.Qxe5 Bf6 34.Qd6 Qxd6 35.Rxd6 Be5 36.Rb6 Bxg3
37.Rxb7 Rd8 38.Bc2 Rd2

[Event "Aut_chT_0910"]
[Site "Baden"]
[Date "2010.03.30"]
[Round "11"]
[Board "6"]
[White "Burschowsky, Matthias"]
[Black "Ertl, Johann"]
[Result "1/2-1/2"]
[WhiteElo "2214"]
[BlackElo "2298"]
[PlyCount "45"]
[EventDate "2009.11.06"]
[EventType "team"]
[EventRounds "11"]
[EventCountry "AUT"]
[WhiteTeam "SK Hohenems"]
[BlackTeam "SK Kl.Ztg.MPOE Maria Saal"]

1.c4 g6 2.Nc3 Bg7 3.g3 d6 4.Bg2 e5 5.d3 Nc6 6.Rb1 a5 7.a3 Nf6 8.Nf3 O-O 9.O-O
Re8 10.Bg5 h6 11.Bxf6 Bxf6 12.b4 axb4 13.axb4 Ne7 14.Qb3 Be6 15.Nd2 c6 16.b5 Bg7
17.bxc6 bxc6 18.Rfc1 Rb8 19.Qa3 Ra8 20.Qb4 Rb8 21.Qa3 Ra8 22.Qb4 Qb8 23.Nde4

[Event "Aut_chT_0910"]
[Site "Baden"]
[Date "2010.03.30"]
[Round "11"]
[Board "3"]
[White "Pinter, Jozsef"]
[Black "Schlosser, Philipp"]
[Result "0-1"]
[WhiteElo "2570"]
[BlackElo "2557"]
[PlyCount "95"]
[EventDate "2009.11.06"]
[EventType "team"]
[EventRounds "11"]
[EventCountry "AUT"]
[WhiteTeam "SK Sparkasse Fuerstenfeld"]
[BlackTeam "Sparkasse Jenbach"]

1.d4 Nf6 2.c4 e6 3.Nf3 b6 4.g3 Ba6 5.b3 Bb4+ 6.Bd2 Be7 7.Nc3 d5 8.cxd5 exd5
9.Bg2 O-O 10.O-O Bb7 11.Rc1 Nbd7 12.Bf4 c6 13.Qc2 Re8 14.Rfd1 Nf8 15.Be5 N8d7
16.Bf4 Nf8 17.Qb2 Ne6 18.Rc2 Nxf4 19.gxf4 Bd6 20.e3 Qe7 21.Ne5 Rac8 22.Qc1 g6
23.Nd3 Kg7 24.Qb2 Ba6 25.Ne5 Bb7 26.Qa1 Kg8 27.Rdc1 Ba3 28.Re1 Bd6 29.a4 c5
30.Bh3 Rcd8 31.Nf3 cxd4 32.exd4 Qf8 33.Nb5 Bb8 34.Ne5 Qh6 35.Re3 Qxf4 36.Nc7 Rf8
37.Rf3 Qh4 38.Qc1 Qxd4 39.Nxf7 Rxf7 40.Be6 Rdf8 41.h3 Qe5 42.Qf4 Qe1+ 43.Kg2 Kg7
44.Bxf7 Rxf7 45.Qd4 Qe4 46.Ne6+ Kh6 47.Nf4 Bxf4 48.Kg1

[Event "Aut_chT_0910"]
[Site "Baden"]
[Date "2010.03.30"]
[Round "11"]
[Board "4"]
[White "Acs, Peter"]
[Black "Kilgus, Georg"]
[Result "1-0"]
[WhiteElo "2538"]
[BlackElo "2384"]
[PlyCount "67"]
[EventDate "2009.11.06"]
[EventType "team"]
[EventRounds "11"]
[EventCountry "AUT"]
[WhiteTeam "Sparkasse Jenbach"]
[BlackTeam "SK Sparkasse Fuerstenfeld"]

1.e4 c5 2.Nf3 e6 3.c3 Nf6 4.e5 Nd5 5.d4 cxd4 6.cxd4 d6 7.Bc4 Nc6 8.O-O Be7 9.Qe2
O-O 10.Nc3 Nxc3 11.bxc3 dxe5 12.dxe5 Qa5 13.Bd2 b6 14.a4 Qc5 15.Be3 Qa5 16.Bb5
Bb7 17.Nd4 Nxd4 18.cxd4 Rfc8 19.Rab1 Qc3 20.Rfc1 Qa3 21.Ba6 Be4 22.Bxc8 Bxb1
23.Bb7 Bd3 24.Qf3 Rd8 25.Qc6 Bf8 26.h4 Qe7 27.Rc3 Bg6 28.g3 Qd7 29.Qxd7 Rxd7
30.Ba6 Be4 31.Rc8 f6 32.exf6 gxf6 33.Bh6 Rf7 34.Bc4

[Event "Aut_chT_0910"]
[Site "Baden"]
[Date "2010.03.30"]
[Round "11"]
[Board "6"]
[White "Reich, Thomas"]
[Black "Poetz, Florian"]
[Result "0-1"]
[WhiteElo "2359"]
[BlackElo "2317"]
[PlyCount "142"]
[EventDate "2009.11.06"]
[EventType "team"]
[EventRounds "11"]
[EventCountry "AUT"]
[WhiteTeam "Sparkasse Jenbach"]
[BlackTeam "SK Sparkasse Fuerstenfeld"]

1.d4 c5 2.d5 f5 3.c4 g6 4.Nc3 Bg7 5.Bd2 Nf6 6.g3 O-O 7.Bg2 d6 8.h4 Na6 9.Nh3 Nc7
10.Nf4 Qe8 11.Rb1 Bd7 12.b4 cxb4 13.Rxb4 Qc8 14.h5 gxh5 15.Rb1 Na6 16.Qb3 Nc5
17.Qc2 Qe8 18.Nb5 Qf7 19.Be3 Rfc8 20.Nd4 Ng4 21.Rxh5 Bh6 22.Rh3 Nxe3 23.fxe3 Qf6
24.Rh5 Be8 25.Rh2 Bd7 26.Kf2 Bg5 27.Rbh1 h6 28.Rb1 Rab8 29.Bf3 Kh8 30.Rhh1 Rg8
31.Rbg1 Rbc8 32.Qb1 Qe5 33.Rh5 Rg7 34.Rgh1 Kg8 35.Rxh6 Bxh6 36.Rxh6 Rh7 37.Rxh7
Kxh7 38.Qh1+ Kg8 39.Qh4 Qf6 40.Qh3 Rf8 41.Qh1 Rf7 42.Ke1 Rh7 43.Qg2 Qh6 44.Bh5
Qg5 45.Bf3 Kf7 46.Nde6 Bxe6 47.dxe6+ Kg7 48.Bxb7 Qf6 49.Bd5 Kf8 50.Kf2 a5 51.Qf3
Kg8 52.Kg2 Qh6 53.Kf2 Qh2+ 54.Kf1 Rg7 55.Nh5 Rg5 56.g4 Kh8 57.Qf4 Qxf4+ 58.Nxf4
fxg4 59.Kg2 Kg7 60.Nd3 g3 61.e4 Kf8 62.Nf4 Ke8 63.e3 Kd8 64.Ne2 Na4 65.Nxg3 Nc3
66.Kf3 Nxa2 67.c5 Nb4 68.cxd6 Nxd5 69.exd5 Rxg3+ 70.Kxg3 exd6 71.Kf4 a4